000 00504nam a22001457a 4500
020 _a9789872413408
080 _a341.24 IN 7
100 _aVila, Facundo
245 _aLos sistemas de gravámenes móviles
_bimplicaciones legales y económicas para el comercio exterior argentino
260 _aBuenos Aires
_bInstituto del Servicio Exterior de la Nación
300 _a128 p.
650 _xgravámenes móviles
_xcomercio exterior argentino
_ximpacto de comercio
945 _asa
_d2015-06-25
999 _c4080
_d234584
942 _6_